000 00930nam a2200265 a 4500
001 52331
003 BD-RjUL
005 20211209075804.0
008 160919s1983 nyu b 001 0 eng
020 _a0471058491 :
_c$35.00 (est.)
035 _a(BD-RjUL)52451
040 _aDLC
_cDLC
_dDLC
_dBD-RjUL
_beng
041 _aeng
082 0 0 _a519.5
_223
_bLET 1983
100 1 _aLehmann, E. L.
_q(Erich Leo),
_d1917-
_9156564
245 1 0 _aTheory of point estimation /
_cE.L. Lehmann.
260 _aNew York :
_bWiley,
_cc1983.
300 _axii, 506 p. ;
_c24 cm.
490 1 _aA Wiley publication in mathematical statistics
504 _aIncludes bibliographies and indexes.
650 0 _aFix-point estimation.
_9156566
830 0 _aWiley publication in mathematical statistics.
_9156609
942 _2ddc
_cBK
999 _c52331
_d52331